[Event "Santiago de Compostela Bicapawn GP B3"]
[Site "Santiago de Compostela"]
[Date "2022.10.20"]
[Round "1"]
[White "Grana Castanal, Andres"]
[Black "Petrosyan, Manuel"]
[Result "0-1"]
[WhiteElo "1945"]
[BlackElo "2609"]
[PlyCount "44"]
[EventDate "2022.10.20"]
[EventType "swiss (blitz)"]
[EventRounds "9"]
[EventCountry "ESP"]
[SourceTitle "CBM 210 Extra"]
[Source "ChessBase"]
[SourceDate "2022.11.30"]
[SourceVersion "1"]
[SourceVersionDate "2022.11.30"]
[SourceQuality "1"]

1. e4 c6 2. d4 d5 3. e5 Bf5 4. Bg5 Qb6 5. Bd3 Bxd3 6. Qxd3 e6 7. Nf3 h6 8. Bh4 Ne7 9. 0-0 Nf5 10. Bg3 c5 11. c3 cxd4 12. cxd4 Nc6 13. Nc3 Nfxd4 14. Nxd4 Qxd4 15. Qb5 Qb6 16. a4 Bc5 17. Rfc1 a6 18. Qe2 Nd4 19. Qg4 0-0 20. Bf4 Kh8 21. Rd1 Qxb2 22. Rac1 Nb3 0-1

[Event "Santiago de Compostela Bicapawn GP B2"]
[Site "Santiago de Compostela"]
[Date "2022.10.20"]
[Round "1"]
[White "Petrosyan, Manuel"]
[Black "Grana Castanal, Andres"]
[Result "0-1"]
[WhiteElo "2609"]
[BlackElo "1945"]
[PlyCount "56"]
[EventDate "2022.10.20"]
[EventType "swiss (blitz)"]
[EventRounds "9"]
[EventCountry "ESP"]
[SourceTitle "CBM 210 Extra"]
[Source "ChessBase"]
[SourceDate "2022.11.30"]
[SourceVersion "1"]
[SourceVersionDate "2022.11.30"]
[SourceQuality "1"]

1. e4 g6 2. d4 Bg7 3. Be3 c6 4. Nc3 d5 5. Qd2 dxe4 6. Nxe4 Nf6 7. Ng3 Be6 8. Nf3 h6 9. Bd3 Nd5 10. 0-0 Nd7 11. c4 Nxe3 12. fxe3 0-0 13. b3 Bg4 14. Bc2 e5 15. d5 Bxf3 16. Rxf3 e4 17. Rff1 Bxa1 18. Rxa1 f5 19. Ne2 Ne5 20. Nf4 cxd5 21. Ne6 Qf6 22. Nd4 dxc4 23. bxc4 Kh7 24. Rb1 b6 25. Qb4 Rac8 26. Bb3 Ng4 27. Qd2 Rfd8 28. Qe2 Nxe3 0-1

[Event "Santiago de Compostela Bicapawn GP B1"]
[Site "Santiago de Compostela"]
[Date "2022.10.19"]
[Round "8"]
[White "Grana Castanal, Andres"]
[Black "Jul Perez, Alberto"]
[Result "1-0"]
[WhiteElo "1945"]
[BlackElo "1953"]
[PlyCount "59"]
[EventDate "2022.10.19"]
[EventType "swiss (blitz)"]
[EventRounds "9"]
[EventCountry "ESP"]
[SourceTitle "EXT 2024"]
[Source "ChessBase"]
[SourceDate "2023.10.10"]
[SourceVersion "1"]
[SourceVersionDate "2023.10.10"]
[SourceQuality "1"]

1. d4 d5 2. Nf3 e6 3. c4 Nf6 4. Bg5 a6 5. e3 Be7 6. Nc3 0-0 7. Rc1 Nbd7 8. c5 c6 9. b4 a5 10. b5 h6 11. Bf4 Nh5 12. Bd3 Nxf4 13. exf4 Qc7 14. Qd2 f6 15. b6 Qd8 16. Na4 e5 17. fxe5 fxe5 18. dxe5 Rxf3 19. gxf3 Nxe5 20. Be2 Bh3 21. Rg1 Qf8 22. Qxh6 Bd7 23. f4 Nf7 24. Qh5 Re8 25. Kf1 Bf6 26. Bd3 Re4 27. f3 Qe8 28. fxe4 dxe4 29. Bc4 Be6 30. Qg6 1-0

[Event "Santiago de Compostela Bicapawn GP B1"]
[Site "Santiago de Compostela"]
[Date "2022.10.19"]
[Round "7"]
[White "Grana Castanal, Andres"]
[Black "Lopez Varela, Pablo"]
[Result "1-0"]
[WhiteElo "1945"]
[BlackElo "2293"]
[PlyCount "107"]
[EventDate "2022.10.19"]
[EventType "swiss (blitz)"]
[EventRounds "9"]
[EventCountry "ESP"]
[SourceTitle "EXT 2024"]
[Source "ChessBase"]
[SourceDate "2023.10.10"]
[SourceVersion "1"]
[SourceVersionDate "2023.10.10"]
[SourceQuality "1"]

1. e4 c6 2. d4 d5 3. e5 c5 4. dxc5 Nc6 5. f4 Nh6 6. Nf3 Bg4 7. Be3 Nf5 8. Bf2 e6 9. Be2 Bxf3 10. Bxf3 g5 11. fxg5 Qxg5 12. Qd2 Qxd2+ 13. Nxd2 Nxe5 14. Be2 Nd7 15. g4 Ne7 16. 0-0-0 Nc6 17. Nb3 Rg8 18. Rhe1 0-0-0 19. Bh4 Be7 20. Bxe7 Nxe7 21. h3 Kb8 22. Rf1 Rg7 23. Rd3 Rc8 24. Rdf3 f5 25. Re3 e5 26. gxf5 Rf7 27. Bb5 Nc6 28. Rd3 d4 29. Bc4 Rf6 30. Be6 Rd8 31. Rg1 Nf8 32. Rg7 Nxe6 33. fxe6 Rxe6 34. Rf3 Rde8 35. Rff7 R6e7 36. Rxh7 Rxf7 37. Rxf7 e4 38. Kd2 Ne5 39. Rf5 Nf3+ 40. Ke2 Rh8 41. Rf4 Re8 42. Nd2 Nxd2 43. Kxd2 Kc7 44. h4 Re5 45. b4 Kc6 46. a3 Kd5 47. Rf7 Kc4 48. Rxb7 e3+ 49. Ke1 Rf5 50. c6 Kc3 51. c7 Rf8 52. Rb8 Rf7 53. c8Q+ Kb2 54. Qe6 1-0

[Event "ESP-chT Rapid"]
[Site "Toledo"]
[Date "2022.09.24"]
[Round "4"]
[White "Grana Castanal, Andres"]
[Black "Tejedor Fuente, Enrique"]
[Result "0-1"]
[WhiteElo "1945"]
[BlackElo "2384"]
[PlyCount "48"]
[EventDate "2022.09.24"]
[EventType "team-swiss (rapid)"]
[EventRounds "9"]
[EventCountry "ESP"]
[SourceTitle "CBM 210 Extra"]
[Source "ChessBase"]
[SourceDate "2022.11.30"]
[SourceVersion "1"]
[SourceVersionDate "2022.11.30"]
[SourceQuality "1"]
[WhiteTeam "Escola Luguesa"]
[BlackTeam "Solvay"]
[WhiteTeamCountry "ESP"]
[BlackTeamCountry "ESP"]

1. e4 c5 2. c3 Nf6 3. e5 Nd5 4. Nf3 Nc6 5. d4 cxd4 6. Bc4 Nb6 7. Bb3 d5 8. exd6 Qxd6 9. cxd4 Be6 10. Bxe6 Qxe6+ 11. Be3 Nd5 12. Qb3 Nxe3 13. Qxe6 Nxg2+ 14. Kf1 fxe6 15. Kxg2 g5 16. Rd1 Bg7 17. Nxg5 Bxd4 18. Nxe6 Rg8+ 19. Kf1 Bxb2 20. Nc7+ Kf7 21. Nxa8 Bxa1 22. Nc7 Be5 23. Nb5 Bxh2 24. Rd7 Rg1+ 0-1

[Event "Oviedo op 8th"]
[Site "Oviedo"]
[Date "2022.07.18"]
[Round "3"]
[White "Luque Saiz, Andres"]
[Black "Grana Castanal, Andres"]
[Result "1-0"]
[WhiteElo "2289"]
[BlackElo "1917"]
[PlyCount "99"]
[EventDate "2022.07.17"]
[EventType "swiss"]
[EventRounds "9"]
[EventCountry "ESP"]
[SourceTitle "CBM 209 Extra"]
[Source "ChessBase"]
[SourceDate "2022.09.30"]
[SourceVersion "1"]
[SourceVersionDate "2022.09.30"]
[SourceQuality "1"]

1. e4 e5 2. Nf3 Nc6 3. Bc4 Nf6 4. d3 Bc5 5. 0-0 d6 6. c3 a5 7. Nbd2 0-0 8. h3 Ba7 9. Re1 Be6 10. Bb5 Ne7 11. d4 Ng6 12. Nf1 exd4 13. Nxd4 d5 14. e5 Ne4 15. f3 Nc5 16. Kh2 c6 17. Bd3 Qh4 18. Nxe6 Nxe6 19. g3 Qe7 20. f4 f5 21. Ne3 Bxe3 22. Bxe3 Nc5 23. Bc2 Ne4 24. c4 dxc4 25. Bxe4 fxe4 26. Qc2 Qb4 27. Bd2 Qc5 28. Be3 Qb4 29. a3 Qb3 30. Qxb3 cxb3 31. Bb6 Ne7 32. Rxe4 Nd5 33. Bc5 Rfd8 34. Kg2 Kf7 35. a4 Nb4 36. Bd6 Rac8 37. Ra3 c5 38. Rxb3 c4 39. Ra3 Nd3 40. Re2 Nc1 41. Rc2 Nb3 42. Kf2 Ke6 43. Ke3 h5 44. Ke4 g6 45. g4 hxg4 46. hxg4 Rh8 47. f5+ gxf5+ 48. gxf5+ Kf7 49. e6+ Ke8 50. Rxb3 1-0

[Event "Ferrol op 31th"]
[Site "Ferrol"]
[Date "2016.07.24"]
[Round "7"]
[White "Tuimil Martinez, Ricardo"]
[Black "Grana Castanal, Andres"]
[Result "0-1"]
[WhiteElo "1608"]
[BlackElo "1837"]
[PlyCount "64"]
[EventDate "2016.07.18"]
[EventType "swiss"]
[EventRounds "9"]
[EventCountry "ESP"]
[SourceTitle "EXT 2024"]
[Source "ChessBase"]
[SourceDate "2023.10.10"]
[SourceVersion "1"]
[SourceVersionDate "2023.10.10"]
[SourceQuality "1"]

1. d4 Nf6 2. Nf3 g6 3. Nbd2 d5 4. b3 Bg7 5. Bb2 0-0 6. Ne5 Nbd7 7. Ndf3 Nxe5 8. Nxe5 Ne4 9. c4 c6 10. Nd3 dxc4 11. Nb4 c3 12. Ba3 Bxd4 13. e3 Bg7 14. Bd3 Nd6 15. Nc2 Qc7 16. 0-0 Rd8 17. Qe2 Bf5 18. e4 Be6 19. Bc5 Ne8 20. f4 b6 21. Be3 c5 22. f5 Bc8 23. fxg6 hxg6 24. Rf2 Be6 25. Raf1 Qd7 26. Bb5 Qc7 27. Na3 Nd6 28. Bd3 Rf8 29. Bf4 Qc8 30. h3 Ne8 31. g4 Nf6 32. Ba6 Qe8 0-1

[Event "Ferrol op 31th"]
[Site "Ferrol"]
[Date "2016.07.23"]
[Round "6"]
[White "Grana Castanal, Andres"]
[Black "Pazos Porta, Antonio"]
[Result "0-1"]
[WhiteElo "1837"]
[BlackElo "2330"]
[PlyCount "84"]
[EventDate "2016.07.18"]
[EventType "swiss"]
[EventRounds "9"]
[EventCountry "ESP"]
[SourceTitle "EXT 2024"]
[Source "ChessBase"]
[SourceDate "2023.10.10"]
[SourceVersion "1"]
[SourceVersionDate "2023.10.10"]
[SourceQuality "1"]

1. e4 e6 2. d4 d5 3. Nc3 Nf6 4. e5 Nfd7 5. f4 c5 6. Nf3 Nc6 7. Be3 Qb6 8. Qd2 Qxb2 9. Rb1 Qa3 10. Bb5 Qa5 11. 0-0 a6 12. Bxc6 bxc6 13. Nxd5 Qd8 14. Nc3 cxd4 15. Nxd4 Qc7 16. f5 Nc5 17. Rfd1 exf5 18. Nxc6 Be6 19. Nd4 Rd8 20. Qf2 Nd7 21. Nxe6 fxe6 22. Ne2 Be7 23. Nf4 Qc6 24. Qg3 Kf7 25. Qh3 Bc5 26. Bxc5 Qxc5+ 27. Kh1 Qc7 28. Kg1 Qc5+ 29. Kh1 Qc7 30. Kg1 Qc5+ 31. Kh1 Qc7 32. Kg1 Nxe5 33. Rxd8 Rxd8 34. Qxh7 Qd7 35. Rf1 Qd4+ 36. Rf2 Qd1+ 37. Rf1 Qd4+ 38. Rf2 Ng4 39. Qg6+ Kg8 40. Qxe6+ Kh8 41. Qe2 Nxf2 42. Qxf2 Qa1+ 0-1